<?xml version="1.0" encoding="UTF-8"?>
<collection xmlns="http://www.loc.gov/MARC21/slim">
 <record>
  <leader>01923naa a2200241 i 4500</leader>
  <controlfield tag="001">publ23945</controlfield>
  <controlfield tag="005">20231231060013.0</controlfield>
  <controlfield tag="008">220404s2021    hu      o     0||   Magyar d</controlfield>
  <datafield tag="020" ind1=" " ind2=" ">
   <subfield code="a">9789634547549</subfield>
  </datafield>
  <datafield tag="024" ind1="7" ind2=" ">
   <subfield code="a">32494373</subfield>
   <subfield code="2">mtmt</subfield>
  </datafield>
  <datafield tag="040" ind1=" " ind2=" ">
   <subfield code="a">SZTE Publicatio Repozitórium</subfield>
   <subfield code="b">hun</subfield>
  </datafield>
  <datafield tag="041" ind1=" " ind2=" ">
   <subfield code="a">Magyar</subfield>
  </datafield>
  <datafield tag="100" ind1="1" ind2=" ">
   <subfield code="a">Szécsényi Tibor</subfield>
  </datafield>
  <datafield tag="245" ind1="1" ind2="0">
   <subfield code="a">Határozottsági és LAK-egyeztetés főnévi igeneves szerkezetekben</subfield>
   <subfield code="h">[elektronikus dokumentum] /</subfield>
   <subfield code="c"> Szécsényi Tibor</subfield>
  </datafield>
  <datafield tag="260" ind1=" " ind2=" ">
   <subfield code="a">Akadémiai Kiadó</subfield>
   <subfield code="b">Budapest</subfield>
   <subfield code="c">2021</subfield>
  </datafield>
  <datafield tag="300" ind1=" " ind2=" ">
   <subfield code="a">32</subfield>
  </datafield>
  <datafield tag="300" ind1=" " ind2=" ">
   <subfield code="a">175-206</subfield>
  </datafield>
  <datafield tag="490" ind1="0" ind2=" ">
   <subfield code="a">Általános Nyelvészeti Tanulmányok XXXIII.</subfield>
  </datafield>
  <datafield tag="520" ind1="3" ind2=" ">
   <subfield code="a">A tanulmány a magyar tárgyi egyeztetési jelenségeket vizsgálja főnévi igeneves szerkezetekben. Megállapítja, hogy a határozottsági és a lak-egyeztetés egymástól független egyeztetési folyamat eredménye. A ragozott igék és a főnévi igenevek egyaránt rendelkeznek határozottsági jeggyel, függetlenül attól, hogy van-e tárgyi vonzatuk, és a határozottsági egyeztetés nem közvetlenül a ragozott ige és a főnévi igenév tárgya között történik, hanem a ragozott ige a tárggyal egyező főnévi igenév határozottságával egyezik. A lak-egyeztetésnél a ragozott ige alanya és a tárgy közötti speciális referenciális viszony (beszélő-hallgató) jelenik meg az igén, ez a viszony hasonlít a visszaható névmás és az antecedense közötti kötési viszonyra. A megengedő hagy esetében megfigyelhető lak-egyeztetési és visszaható névmási jelenségek hasonlósága miatt ezekben a mondatokban morfológiailag jelöletlen passzív infinitívuszt feltételezünk.</subfield>
  </datafield>
  <datafield tag="650" ind1=" " ind2="4">
   <subfield code="a">Nyelvek és irodalom</subfield>
  </datafield>
  <datafield tag="700" ind1="0" ind2="1">
   <subfield code="a">Szécsényi Krisztina</subfield>
   <subfield code="e">aut</subfield>
  </datafield>
  <datafield tag="856" ind1="4" ind2="0">
   <subfield code="u">http://publicatio.bibl.u-szeged.hu/23945/1/Szecsenyi-Szecsenyi-2021.pdf</subfield>
   <subfield code="z">Dokumentum-elérés </subfield>
  </datafield>
  <datafield tag="856" ind1="4" ind2="0">
   <subfield code="u">http://publicatio.bibl.u-szeged.hu/23945/3/32494373_c%C3%ADmlap.pdf</subfield>
   <subfield code="z">Dokumentum-elérés </subfield>
  </datafield>
 </record>
</collection>
